000 00921nam a2200265Ia 4500
003 OSt
005 20220923220643.0
006 a|||||r|||| 00| 0
007 ta
008 220922b |||||||| |||| 00| 0 hin d
020 _c60
024 _a188,484
037 _cTextual
040 _aARTS
_cARTS
_bhin
041 _2hin
_ahin
082 _aO152,2L89:g, L6
100 _aछाबडा, गोविन्द लाल
245 0 _aहिन्दी प्रथम नाटककार विश्वनाथ सिंह
246 _aHindī pratham nāṭakakār vishvanāth sianha
260 _aदिल्ली
_b अभिनव प्रकााशन
_c1976
300 _a414 पृ.
_ccm.
650 _aहिन्दी साहित्य
_9156264
942 _hO152,2L89:g, L6
_cTEXL
_2CC
999 _c341506
_d341506